000
00222 a2200097 4500
001
19981
100
_a
Haq, S M
245
_a
Ibn Khauikan's wafayat al A'Yan
260
_a
_b
Pak Historical Socity
_c
090
_c
14589
_d
14589
942
_a
NUST-CAE
_c
M
_c
5101
999
_c
255054
_d
255054